[Event "AUTO-MASTER-3018"]
[Site "http://www.queenalice.com/game.php?id=1638915"]
[Date "2021.1.5"]
[Round "1"]
[White "roserl"]
[Black "WeirdGoblin"]
[Result "0-1"]
[WhiteElo "2071"]
[BlackElo "2236"]

1. e4 c6 2. d4 d5 3. Nc3 dxe4 4. Nxe4 Nd7 5. Nf3 Ngf6 6. Ng3 e6 7. Bd3 Bd6 8.
Bg5 h6 9. Bxf6 Nxf6 10. O-O O-O 11. c3 c5 12. Qd2 b6 13. Rad1 Bb7 14. Qe2 Qc7
15. Ne4 Nxe4 16. Bxe4 Rad8 17. Bxb7 Qxb7 18. Ne5 cxd4 19. Rxd4 Bc5 20. Rd2 Qc7
21. Rfd1 Rxd2 22. Rxd2 Rd8 23. Nf3 Kf8 24. Rxd8+ Qxd8 25. g3 Qd5 26. Ne5 Qxa2
27. b4 Qxe2 0-1

[Event "AUTO-OPEN-4232"]
[Site "http://www.queenalice.com/game.php?id=1648431"]
[Date "2021.4.1"]
[Round "3"]
[White "clovis"]
[Black "WeirdGoblin"]
[Result "0-1"]
[WhiteElo "2090"]
[BlackElo "2228"]

1. e4 c6 2. Nf3 d5 3. exd5 cxd5 4. d4 Nf6 5. Bd3 Bg4 6. O-O Nc6 7. c3 e6 8. Re1
Qc7 9. h3 Bh5 10. g4 Bg6 11. Na3 Bxd3 12. Qxd3 a6 13. Bg5 Ne4 14. Rxe4 dxe4 15.
Qxe4 Bxa3 16. bxa3 O-O 17. Bf4 Qa5 18. Ng5 g6 19. Rb1 Qxc3 20. Rxb7 Qxd4 21.
Qxd4 Nxd4 22. Ne4 Ne2+ 0-1

[Event "AUTO-OPEN-4232"]
[Site "http://www.queenalice.com/game.php?id=1648432"]
[Date "2021.4.1"]
[Round "3"]
[White "WeirdGoblin"]
[Black "clovis"]
[Result "0-1"]
[WhiteElo "2244"]
[BlackElo "2104"]

1. d4 d5 2. c4 c6 3. Nf3 e6 4. Nc3 Nf6 5. Bg5 dxc4 6. e4 b5 7. e5 h6 8. Bh4 g5
9. Nxg5 hxg5 10. Bxg5 Be7 11. exf6 Bxf6 12. Bxf6 Qxf6 13. g3 Bb7 14. Bg2 Na6 15.
Nxb5 cxb5 16. Bxb7 Nb4 17. Bxa8 Nd3+ 18. Kd2 Ke7 19. Qf3 Qxd4 0-1

[Event "AUTO-OPEN-4233"]
[Site "http://www.queenalice.com/game.php?id=1650495"]
[Date "2021.4.23"]
[Round "2"]
[White "CERVERO"]
[Black "WeirdGoblin"]
[Result "0-1"]
[WhiteElo "1877"]
[BlackElo "2243"]

1. d4 Nf6 2. c4 e6 3. Nf3 Bb4+ 4. Bd2 Qe7 5. a3 Bxd2+ 6. Nbxd2 d6 7. e3 O-O 8.
Bd3 e5 9. dxe5 dxe5 10. e4 Rd8 11. Qc2 Nc6 12. b4 Bg4 13. h3 Bxf3 14. Nxf3 Nd4
15. Nxd4 Rxd4 16. f3 Rad8 17. Rd1 c5 18. b5 Nh5 19. O-O Nf4 20. Be2 Qg5 21. Rf2
Rd2 22. Rxd2 Rxd2 0-1

[Event "AUTO-OPEN-4233"]
[Site "http://www.queenalice.com/game.php?id=1650496"]
[Date "2021.4.23"]
[Round "2"]
[White "WeirdGoblin"]
[Black "CERVERO"]
[Result "1-0"]
[WhiteElo "2247"]
[BlackElo "1771"]

1. d4 d5 2. c4 c6 3. Nf3 Nf6 4. Nc3 e6 5. cxd5 exd5 6. Qc2 Bb4 7. Bg5 h6 8. Bh4
Nbd7 9. e3 Qc7 10. Bd3 O-O 11. O-O b6 12. Rfc1 Be7 13. Nb5 Qb7 14. Qxc6 a6 15.
Qxb7 Bxb7 16. Nc7 Rac8 17. Nxa6 Rxc1+ 18. Rxc1 Rc8 19. Rxc8+ Bxc8 20. Ne5 g5 21.
Nxd7 Bxd7 22. Bg3 h5 23. f3 h4 24. Bc7 b5 25. b4 Ne8 26. Bb8 Bc6 27. Kf2 Kg7 28.
Ke2 f6 29. a3 Kf7 30. h3 Nd6 31. Bxd6 Bxd6 32. e4 dxe4 33. Bxe4 Be8 34. Nc5 Bg3
35. Kd3 Bf2 36. Bd5+ Ke7 37. Bb3 f5 38. a4 bxa4 39. Bxa4 Bxa4 40. Nxa4 Be1 41.
Kc4 Kd7 42. Kc5 Kc7 43. b5 Bf2 44. Kd5 1-0

[Event "AUTO-OPEN-4233"]
[Site "http://www.queenalice.com/game.php?id=1650501"]
[Date "2021.4.23"]
[Round "2"]
[White "WeirdGoblin"]
[Black "AsterixTwin"]
[Result "0-1"]
[WhiteElo "2255"]
[BlackElo "2544"]

1. d4 Nf6 2. c4 g6 3. Nc3 Bg7 4. e4 d6 5. Be2 O-O 6. Bg5 Nbd7 7. Nf3 h6 8. Bf4
e5 9. dxe5 dxe5 10. Be3 c6 11. O-O Qc7 12. Qc2 Ng4 13. Bd2 Nc5 14. h3 Nf6 15.
Be3 Ne6 16. Rfd1 b6 17. b4 Bb7 18. c5 b5 19. a4 a6 20. axb5 axb5 21. Bxb5 cxb5
22. Nxb5 Qc6 23. Nd6 Nxe4 24. b5 Qc7 25. Rxa8 Bxa8 26. Nxe4 Bxe4 27. Qxe4 Nxc5
28. Qc4 Rc8 29. Rc1 Bf8 30. Qd5 e4 31. Nd2 Rd8 32. Qc4 Qa5 33. Bxc5 Qxd2 34.
Bxf8 Rxf8 35. Qc5 Rb8 36. Rb1 Qd7 37. b6 Qb7 38. Qd4 Kh7 39. Qf6 Re8 40. Rc1 Re7
41. h4 h5 42. g4 e3 43. gxh5 e2 44. hxg6+ fxg6 45. Re1 Qe4 46. Qg5 Qb4 47. Kg2
Re4 0-1

[Event "AUTO-OPEN-4233"]
[Site "http://www.queenalice.com/game.php?id=1650502"]
[Date "2021.4.23"]
[Round "2"]
[White "AsterixTwin"]
[Black "WeirdGoblin"]
[Result "1-0"]
[WhiteElo "2538"]
[BlackElo "2261"]

1. d4 Nf6 2. c4 e6 3. Nc3 Bb4 4. e3 c5 5. Bd3 Nc6 6. Ne2 cxd4 7. exd4 d5 8. cxd5
Nxd5 9. O-O O-O 10. Bc2 Re8 11. Qd3 Nf6 12. Bg5 g6 13. Rfd1 Be7 14. a3 Nd5 15.
Bxe7 Ndxe7 16. h3 Nf5 17. b4 e5 18. dxe5 Qxd3 19. Bxd3 Nxe5 20. Bb5 Nc6 21. Nd5
Rf8 22. Rac1 Be6 23. Bxc6 bxc6 24. Nc7 Rac8 25. Nxe6 fxe6 26. Nd4 Nxd4 27. Rxd4
Rf5 28. Rd6 a5 29. Rdxc6 Rxc6 30. Rxc6 axb4 31. axb4 Rb5 32. Rc4 Kf7 33. Kf1 Kf6
34. Ke2 Ke5 35. Kd3 Kd5 36. Kc3 Rb7 37. Kb3 e5 38. f3 g5 39. Rc8 Kd4 40. Rg8 e4
41. fxe4 h6 42. Rg6 Rh7 43. e5 Kxe5 44. b5 Kf4 45. Rc6 Kg3 46. Rc2 Rf7 47. Kb4
1-0

[Event "AUTO-MASTER-3018"]
[Site "http://www.queenalice.com/game.php?id=1758917"]
[Date "2021.5.8"]
[Round "2"]
[White "jova21"]
[Black "WeirdGoblin"]
[Result "0-1"]
[WhiteElo "2047"]
[BlackElo "2241"]

1. e4 c6 2. d4 d5 3. exd5 cxd5 4. Nc3 Nf6 5. Nf3 Nc6 6. Bb5 Bg4 7. O-O e6 8. h3
Bh5 9. g4 Bg6 10. Ne5 Rc8 11. Nxg6 hxg6 12. Qf3 Bd6 13. Bg5 O-O 14. Rfe1 Nxd4
15. Qd3 Nxb5 16. Nxb5 Bb8 17. Rad1 a6 18. Nc3 Qc7 19. Kf1 b5 20. Bh4 Qh2 21. Bg3
Qxh3+ 22. Kg1 Bxg3 23. Qxg3 Qxg3+ 24. fxg3 b4 25. Na4 Rxc2 26. g5 Ne4 27. Re3
Rfc8 28. Nb6 R8c6 29. Nd7 Rxb2 30. Rf1 Rcc2 31. Rd1 Rg2+ 0-1

[Event "AUTO-MASTER-3018"]
[Site "http://www.queenalice.com/game.php?id=1758918"]
[Date "2021.5.8"]
[Round "2"]
[White "WeirdGoblin"]
[Black "jova21"]
[Result "1-0"]
[WhiteElo "2248"]
[BlackElo "2039"]

1. d4 d6 2. e4 g6 3. Nc3 Bg7 4. f4 Nf6 5. Nf3 O-O 6. Bd3 Bg4 7. h3 Bxf3 8. Qxf3
Nc6 9. Be3 Nd7 10. d5 Nb4 11. O-O Nxd3 12. cxd3 c6 13. d4 Qb6 14. Qf2 Nf6 15.
dxc6 bxc6 16. d5 c5 17. e5 dxe5 18. fxe5 Nd7 19. d6 e6 20. Na4 Qc6 21. Nxc5 Nxc5
22. Bxc5 Bxe5 23. d7 Bd6 24. Bxd6 Qxd6 25. Rad1 Qe7 26. Rd3 e5 27. Qf6 Qc5+ 28.
Kh1 Qc4 29. d8=Q Rfxd8 30. Rxd8+ Rxd8 31. Qxd8+ Kg7 32. Qf6+ Kh6 33. b3 Qe2 34.
Qh4+ Kg7 35. Qf2 Qxf2 36. Rxf2 f5 37. Rc2 1-0

[Event "AUTO-MASTER-3018"]
[Site "http://www.queenalice.com/game.php?id=1758921"]
[Date "2021.5.8"]
[Round "2"]
[White "WeirdGoblin"]
[Black "tariann"]
[Result "1-0"]
[WhiteElo "2228"]
[BlackElo "2249"]

1. d4 d5 2. c4 Nf6 3. cxd5 Nxd5 4. Nf3 e6 5. e4 Nf6 6. Nc3 c5 7. d5 exd5 8. exd5
Bd6 9. Bb5+ Bd7 10. O-O O-O 11. Bg5 a6 12. Bxd7 Nbxd7 13. Ne4 Be5 14. Nxe5 Nxe5
15. Nxf6+ gxf6 16. Bh6 Re8 17. Qb3 Qd6 18. Qg3+ 1-0

[Event "AUTO-MASTER-3018"]
[Site "http://www.queenalice.com/game.php?id=1758922"]
[Date "2021.5.8"]
[Round "2"]
[White "tariann"]
[Black "WeirdGoblin"]
[Result "0-1"]
[WhiteElo "2230"]
[BlackElo "2254"]

1. e4 c6 2. d4 d5 3. Nc3 dxe4 4. Nxe4 Bf5 5. Ng3 Bg6 6. f4 e6 7. Nf3 Nd7 8. Be2
Ngf6 9. O-O Be7 10. c4 O-O 11. Qb3 Qb6 12. Kh1 Rfd8 13. Ne5 c5 14. dxc5 Bxc5 15.
Nxg6 hxg6 16. Bd2 Rac8 17. Rad1 Nb8 18. Bc3 Nc6 19. Bf3 Qc7 20. Bxf6 gxf6 21.
Ne4 Be7 22. c5 f5 23. Nd6 Bxd6 24. cxd6 Rxd6 25. Rxd6 Qxd6 26. Qxb7 Rc7 27. Qa6
Qxf4 28. g3 Nb4 29. Qb5 Qc4 30. Qe8+ Kg7 31. Rd1 Nd3 32. Kg1 Qc5+ 0-1

[Event "AUTO-ELITE-2282"]
[Site "http://www.queenalice.com/game.php?id=1768982"]
[Date "2021.9.6"]
[Round "2"]
[White "BEBADO"]
[Black "WeirdGoblin"]
[Result "0-1"]
[WhiteElo "2328"]
[BlackElo "2269"]

1. d4 Nf6 2. c4 e6 3. Nc3 Bb4 4. Qc2 d5 5. a3 Bxc3+ 6. Qxc3 Ne4 7. Qc2 O-O 8. e3
Nd7 9. Nf3 c5 10. Bd3 cxd4 11. exd4 f5 12. O-O a5 13. cxd5 exd5 14. Qb3 Ndf6 15.
Bf4 Qe7 16. Be5 Kh8 17. Rac1 h6 18. Bxf6 Nxf6 19. Nh4 Qf7 20. Rxc8 Rfxc8 21.
Bxf5 Re8 22. Bg6 Qd7 23. Bxe8 Rxe8 24. Ng6+ Kg8 25. Ne5 Qc7 26. Re1 b5 27. Qxb5
Rb8 28. Qe2 Qb6 29. Ng4 Nxg4 30. Qxg4 Qxb2 31. Qe6+ Kh8 32. Qxd5 Rf8 33. f3 Qxa3
34. Qc5 Qxc5 35. dxc5 Rc8 36. Rc1 a4 37. Kf2 Re8 38. Ra1 Rc8 39. Rxa4 Rxc5 40.
Kg3 Rc2 41. Kh3 Rc3 42. Rg4 g5 0-1

[Event "AUTO-ELITE-2282"]
[Site "http://www.queenalice.com/game.php?id=1768983"]
[Date "2021.9.6"]
[Round "2"]
[White "WeirdGoblin"]
[Black "BEBADO"]
[Result "0-1"]
[WhiteElo "2252"]
[BlackElo "2279"]

1. d4 Nf6 2. Nf3 e6 3. c4 b6 4. a3 Bb7 5. Nc3 d5 6. cxd5 Nxd5 7. e3 Be7 8. Bd3
O-O 9. O-O Nxc3 10. bxc3 Nd7 11. Qe2 c5 12. e4 cxd4 13. cxd4 Rc8 14. Bd2 Qc7 15.
Rfc1 Qb8 16. a4 Rxc1+ 17. Rxc1 Rc8 0-1

[Event "AUTO-ELITE-2282"]
[Site "http://www.queenalice.com/game.php?id=1768987"]
[Date "2021.9.6"]
[Round "2"]
[White "fred57"]
[Black "WeirdGoblin"]
[Result "1-0"]
[WhiteElo "2885"]
[BlackElo "2239"]

1. d4 Nf6 2. c4 e6 3. Nf3 Bb4+ 4. Bd2 Qe7 5. a3 Bxd2+ 6. Qxd2 O-O 7. Nc3 d5 8.
e3 b6 9. cxd5 Nxd5 10. Nxd5 exd5 11. Be2 Ba6 12. Bxa6 Nxa6 13. Qd3 Nb8 14. Rc1
1-0

[Event "AUTO-ELITE-2293"]
[Site "http://www.queenalice.com/game.php?id=1772671"]
[Date "2021.10.19"]
[Round "2"]
[White "WeirdGoblin"]
[Black "Sexxy_Bunny"]
[Result "0-1"]
[WhiteElo "2240"]
[BlackElo "2773"]

1. d4 Nf6 2. c4 e6 3. Nf3 d5 4. Nc3 c6 5. cxd5 exd5 6. Qc2 Be7 7. Bg5 g6 8. e3
Bf5 9. Bd3 Bxd3 10. Qxd3 Nbd7 11. O-O O-O 12. Rab1 a5 13. Rfc1 Re8 14. Na4 Ne4
15. Bxe7 Qxe7 0-1

[Event "AUTO-ELITE-2434"]
[Site "http://www.queenalice.com/game.php?id=1795816"]
[Date "2022.9.8"]
[Round "1"]
[White "gmxian89"]
[Black "WeirdGoblin"]
[Result "1-0"]
[WhiteElo "2382"]
[BlackElo "2280"]

1. e4 e6 2. d4 d5 3. Nc3 Nf6 4. e5 Nfd7 5. f4 c5 6. Nf3 Nc6 7. Be3 h6 8. Qd2 g5
9. dxc5 gxf4 10. Bxf4 Bxc5 11. Nb5 Qb6 12. c3 Nf8 13. b4 Be7 14. Bd3 Bd7 15. Be3
Qd8 16. Nd6+ Bxd6 17. exd6 Ng6 18. O-O Nge5 19. Nxe5 Nxe5 20. Bd4 Qg5 21. Qxg5
1-0

[Event "AUTO-ELITE-2434"]
[Site "http://www.queenalice.com/game.php?id=1795817"]
[Date "2022.9.8"]
[Round "1"]
[White "WeirdGoblin"]
[Black "gmxian89"]
[Result "0-1"]
[WhiteElo "2271"]
[BlackElo "2415"]

1. d4 d5 2. c4 e6 3. Nc3 Nf6 4. cxd5 exd5 5. Bg5 Be7 6. Qc2 g6 7. e4 dxe4 8.
Bxf6 Bxf6 9. Qxe4+ Kf8 10. Nf3 Nc6 11. O-O-O Bf5 12. Qf4 Qd6 13. Qxd6+ cxd6 14.
Be2 Rc8 15. h3 a6 16. g4 Bd7 17. g5 Bg7 18. Rhe1 h6 19. h4 hxg5 20. hxg5 b5 21.
Kb1 Rh3 0-1

[Event "AUTO-ELITE-2434"]
[Site "http://www.queenalice.com/game.php?id=1795822"]
[Date "2022.9.8"]
[Round "1"]
[White "Sexxy_Bunny"]
[Black "WeirdGoblin"]
[Result "1-0"]
[WhiteElo "2814"]
[BlackElo "2282"]

1. e4 c6 2. d4 d5 3. e5 Bf5 4. Nf3 e6 5. Be2 c5 6. Be3 cxd4 7. Nxd4 Ne7 8. Nd2
Nbc6 9. N2f3 Bg4 10. O-O Bxf3 11. Nxf3 g6 12. Bf4 Bg7 13. Bd3 O-O 14. c3 Qc7 15.
Qe2 1-0

[Event "AUTO-ELITE-2434"]
[Site "http://www.queenalice.com/game.php?id=1795823"]
[Date "2022.9.8"]
[Round "1"]
[White "WeirdGoblin"]
[Black "Sexxy_Bunny"]
[Result "0-1"]
[WhiteElo "2281"]
[BlackElo "2802"]

1. d4 Nf6 2. c4 e6 3. Nf3 d5 4. Nc3 c6 5. cxd5 exd5 6. Bg5 Be7 7. Qc2 g6 8. e4
dxe4 9. Bxf6 Bxf6 10. Qxe4+ Qe7 11. Bc4 Bf5 12. Qe3 Nd7 13. O-O O-O 14. Qxe7
Bxe7 15. Rfe1 Rfe8 16. Ne5 Nxe5 17. dxe5 Rad8 18. Rad1 Rxd1 19. Rxd1 Bc5 20. Re1
Kf8 21. g3 Bd4 22. e6 b5 23. Bb3 Bxe6 24. Bxe6 Bxc3 25. bxc3 Rxe6 26. Rd1 Re4
27. Rd7 a5 28. Rc7 Rc4 29. a4 bxa4 30. Ra7 Rc5 0-1